French electoral systems and elections, 1789-1957.

Bibliographic Details
Main Author: Campbell, Peter, 1926-
Format: Book
Language:English
Published: New York : F. A. Praeger, [1958]
Series:Books that matter
Subjects:

MARC

Tag First Indicator Second Indicator Subfields
LEADER 00000cam a2200000 4500
001 in00000038890
005 20151007081349.0
008 750811s1958 eng u
010 |a  58008178  
035 |a (OCoLC)01534651 
035 |9 AAF6262AM 
040 |c TOL  |d TXA  |d UtOrBLW 
049 |a TXAM  |c [298971] 
090 |a JN2959  |b .C3 
092 |a 324.44  |b C189f 
100 1 |a Campbell, Peter,  |d 1926- 
245 1 0 |a French electoral systems and elections, 1789-1957. 
264 1 |a New York :  |b F. A. Praeger,  |c [1958] 
264 4 |c [©1958] 
300 |a 144 pages ;  |c 23 cm. 
336 |a text  |b txt  |2 rdacontent 
337 |a unmediated  |b n  |2 rdamedia 
338 |a volume  |b nc  |2 rdacarrier 
490 0 |a Books that matter 
650 0 |a Elections  |z France. 
999 |a MARS 
999 f f |s 95e18fc1-64a4-30f1-b54b-b709e8dd31a1  |i ae664074-5dac-31dc-85ad-799d999d7bf1  |t 0 
952 f f |p ric  |a Texas A&M University  |b Rellis Campus  |c Joint Library Facility  |d Remote Storage  |t 0  |e JN2959 .C3  |h Library of Congress classification  |i unmediated -- volume  |m A14800668122 
998 f f |a JN2959 .C3  |t 0  |l Remote Storage